[Event "NED-ch51"]
[Site "Amsterdam"]
[Date "1996.06.07"]
[Round "1"]
[White "Sokolov, Ivan"]
[Black "Van der Wiel, John"]
[Result "0-1"]
[WhiteElo "2665"]
[BlackElo "2535"]
[Annotator "Dautov,R"]
[PlyCount "52"]
[EventDate "1996.06.07"]
[EventType "tourn"]
[EventRounds "11"]
[EventCountry "NED"]
[EventCategory "11"]
[SourceTitle "CBM 054"]
[Source "ChessBase"]
[SourceDate "1996.10.01"]
[SourceVersion "1"]
[SourceVersionDate "1996.10.01"]
[SourceQuality "1"]

1. d4 {Petursson Bykhovsky,Av} Nf6 2. c4 e6 3. Nc3 Bb4 4. e3 c5 5. Nge2 cxd4 6.
exd4 d5 7. c5 Ne4 8. Bd2 Nxd2 9. Qxd2 Qf6 (9... a5 $5 $13) 10. a3 Ba5 11. b4 (
11. g3 Qf3 12. Rg1 Nc6 13. b4 Bc7 14. Bg2 Qf6 15. f4 O-O 16. Rf1 Ne7 17. Rc1
Bd7 18. Rf2 Qh6 19. Kf1 Kh8 20. Kg1 f5 21. b5 {Knaak,R-van der Wiel,J/Palma de
Mallorca (GMA) 1989} Ng8 $1 $13 {/\Nf6-e4}) 11... Bd8 (11... Bc7 $2 12. Nb5 Qe7
13. Nxc7+ Qxc7 14. Nc3 $16) 12. Ng1 $6 {N N/} (12. Qe3 O-O 13. g3 b6 14. Bg2
bxc5 15. dxc5 (15. bxc5 Ba6 16. O-O Bc4 $13 {Giddins,S-Van der Wiel,J/
Amsterdam/1995/0:1/27/}) 15... Ba6 16. O-O Bc4 17. Rfd1 Nc6 18. f4 Rb8 19. Rab1
g5 20. b5 gxf4 21. Nxf4 Qe5 22. Qd2 Ba5 $17 {Giddins-Van Der Wiel /Memorial
Donner (open) Amsterdam 1995}) (12. g3 Qf3 13. Rg1 Qf6 14. Qe3 O-O 15. g4 g6
16. g5 Qg7 {1/2-1/2 Vaiser,A-Van der Wiel,J/Brussels zt (10) 1993}) 12... O-O
13. Nf3 b6 $1 14. Be2 bxc5 15. dxc5 Nc6 16. O-O Bc7 17. b5 $6 (17. Rad1 $5)
17... Ne5 18. Nd4 (18. Nxe5 $2 Bxe5 19. Rac1 Bf4 $17) 18... Nd7 $1 19. Na4 $8 (
19. c6 $2 Bf4 20. Qd1 (20. Qd3 $2 Nc5) 20... Be5 $3 21. cxd7 Bxd7 $17) (19. Nb3
Be5 20. Rac1 Bf4 $17) 19... Bf4 20. Qb4 e5 21. Nb3 (21. Nc6 $6 Bb7 22. Na5 Qh6
23. g3 Bd2 24. Nc3 d4 25. Nxb7 Bxc3 $17) (21. Nf3 e4 22. Nd4 Qh6 (22... Ne5 23.
Nc3 Qh6 24. g3 $13) 23. g3 Bd2 24. Qb3 Nf6 $36) 21... Qg6 $17 {[+],->} 22. g3 (
22. b6 Nf6 {/\} 23. b7 $2 Bxb7 24. Qxb7 Rab8 25. Qxa7 Rxb3 $17) 22... Nf6 23.
b6 Bh3 24. b7 Rab8 25. c6 (25. Rfd1 h5 (25... d4 {/\Qe4} 26. Bf1 Bg4 27. c6 Nd5
(27... Bxd1 28. Rxd1 Nd5 29. Qc5 $44) 28. Qc5 Ne3 $40 29. fxe3 Bxe3+ 30. Kh1
Bf3+ 31. Bg2 Bxg2+ 32. Kxg2 Qe4+ 33. Kh3 g5 $1 34. Rf1 g4+ 35. Kh4 Qg2 36. Kxg4
f5+ 37. Rxf5 Qe2+ 38. Kh3 Rxf5 $19) 26. c6 h4 27. c7 hxg3 28. hxg3 Bxg3 29. Bf3
e4 $19) 25... h5 $1 (25... Bxf1 $2 26. Bxf1 $44) 26. c7 $4 (26. Nac5 h4 27. Qe1
Ne4 28. Nxe4 (28. c7 hxg3 29. hxg3 Nxg3 30. fxg3 Bxg3 $19) 28... Qxe4 29. f3
Qg6 $19 {/\Qc6,/\hg3}) (26. Nbc5 $16) (26. Rfd1 $13 {Petursson}) 26... Rxb7 $1
(26... Rxb7 27. Qxb7 Qe4 28. f3 Qxe2 29. Rf2 Be3 $19) 0-1

[Event "St Petersburg-ch"]
[Site "St Petersburg"]
[Date "1995.??.??"]
[Round "2"]
[White "Lugovoi, Aleksei"]
[Black "Aseev, Konstantin N"]
[Result "1-0"]
[WhiteElo "2485"]
[BlackElo "2530"]
[Annotator "Dautov,R"]
[PlyCount "113"]
[EventDate "1995.04.??"]
[EventType "tourn"]
[EventRounds "12"]
[EventCountry "RUS"]
[EventCategory "9"]
[SourceTitle "CBM 047"]
[Source "ChessBase"]
[SourceDate "1995.08.01"]
[SourceVersion "1"]
[SourceVersionDate "1995.08.01"]
[SourceQuality "1"]

1. d4 Nf6 2. c4 e6 3. Nc3 Bb4 4. e3 c5 5. Nge2 cxd4 6. exd4 d5 7. c5 Ne4 8. Bd2
Nc6 9. Nxe4 dxe4 10. Bxb4 Nxb4 11. Qa4+ (11. Nc3 f5 12. Bb5+ Bd7 13. O-O Bxb5
$10 14. Nxb5 O-O 15. f3 e3 $10 {Bareev,E-Aseev,K/URS-ch/1990}) 11... Nc6 12.
Rd1 Qg5 $1 {N} (12... O-O 13. Nc3 e3 14. fxe3 Qg5 15. Kf2 Bd7 16. h4 Qf5+ 17.
Kg1 Ne5 18. Bb5 Ng4 19. Rf1 Bxb5 20. Qxb5 Qc2 21. Rh3 $16 {Rossiter,P-Piper,M/
London Lloyds (06) ;EXP 43 1994}) 13. Nc3 e3 14. f3 O-O 15. Ne4 Qg6 (15... Qh6
$5 16. Bb5 (16. Bc4 e5 17. d5 Nd4 $13) 16... Bd7 17. O-O a6 18. Be2 Rad8 $132 {
/\e5,/\Ne7,Bc6}) 16. Qb3 $1 f5 17. Nd6 f4 18. Qd3 Qg5 (18... Qxd3 19. Bxd3 e5
20. Bc4+ (20. dxe5 Nxe5 21. Be4 Rb8 22. b4 $14) 20... Kh8 21. d5 Nd4 22. a3 $14
) (18... e5 $5 19. Qxg6 hxg6 20. Bc4+ Kh7 21. d5 Nd4 $14) 19. Qe4 {/\Bd3,0-0}
g6 $13 20. a3 Bd7 (20... e5 $5 21. dxe5 Qxe5 (21... Nxe5 $2 22. Rd5 Qh4+ 23. g3
fxg3 24. Rxe5 g2+ 25. Qxh4 gxh1=Q 26. Re7 $18) 22. Bc4+ Kg7 23. Qxe5+ Nxe5 24.
Bd5 Rb8 25. b4 $14) (20... a5 $5) 21. b4 (21. Nxb7 $2 Rab8 22. d5 Ne7 23. d6 $2
Nc6 24. Bb5 Qxg2 $19) 21... Ne7 22. b5 (22. Nxb7 Nf5 $44 {/\Qh4}) 22... Nd5 $2
(22... Nf5 $1 {>=} 23. Nxf5 gxf5 24. Qe5 (24. Qxb7 $2 Qh4+ 25. g3 (25. Ke2 Qf2+
26. Kd3 Qb2 $19) 25... fxg3 26. Ke2 g2 27. Bxg2 Qf2+ 28. Kd3 Qb2 $1 29. Qxd7
Qb3+ 30. Ke2 Qc2+ 31. Kxe3 f4#) 24... Qd8 $1 25. Qxf4 Qa5+ 26. Ke2 Qxa3 (26...
Bxb5+ 27. Kxe3 Qxa3+ 28. Kf2 $14) 27. Qxe3 Bxb5+ 28. Kf2 Qxe3+ 29. Kxe3 Bc6 $10
) 23. Rc1 {/\c6} Nf6 (23... Qh4+ 24. g3 Qh6 25. Bc4 $16) 24. Qe5 $1 (24. Qxb7
Qh4+ 25. Kd1 Qf2 26. Rc2 e2+ 27. Bxe2 Qxd4+ 28. Ke1 Qa1+ 29. Bd1 Qxa3 $13)
24... Qh4+ 25. Kd1 $16 {/\Bc4} Rab8 (25... a6 26. c6 bxc6 27. bxc6 $16) 26. Bc4
a6 27. Bxe6+ Bxe6 28. Qxe6+ Kh8 29. b6 Rbe8 $2 30. Nxe8 Rxe8 31. Qc4 $18 e2+
32. Kd2 Qf2 33. Rhe1 Qe3+ (33... Rd8 34. Kc3 Qe3+ 35. Qd3 Nd5+ 36. Kc2 $18) 34.
Kc2 Kg7 35. Qd3 Qe6 36. Kb2 Nd5 37. Rc2 Qf6 38. Rcxe2 Re3 39. Rxe3 fxe3 40. Qe4
Qc6 41. Rxe3 Qb5+ 42. Rb3 Qc4 43. Qd3 Qa4 44. g3 Kf7 45. h4 Kf6 46. g4 Kg7 47.
h5 gxh5 48. gxh5 Kh6 49. Qd2+ Kxh5 50. Qh2+ Kg6 51. Qd6+ Nf6 52. f4 Kf7 53. f5
Ng4 54. Qe6+ Kf8 55. Qc8+ Kf7 56. Qxb7+ Kf6 57. Qe4 1-0

[Event "RUS-ch"]
[Site "Elista"]
[Date "1995.??.??"]
[Round "7"]
[White "Mitenkov, Alexey"]
[Black "Tunik, Gennady"]
[Result "1-0"]
[WhiteElo "2430"]
[BlackElo "2515"]
[Annotator "Dautov,R"]
[PlyCount "97"]
[EventDate "1995.10.??"]
[EventType "swiss"]
[EventRounds "11"]
[EventCountry "RUS"]
[SourceTitle "CBM 050"]
[Source "ChessBase"]
[SourceDate "1996.02.01"]
[SourceVersion "1"]
[SourceVersionDate "1996.02.01"]
[SourceQuality "1"]

1. d4 Nf6 2. c4 e6 3. Nc3 Bb4 4. e3 c5 5. Nge2 cxd4 6. exd4 O-O 7. a3 Be7 8. d5
exd5 9. cxd5 Bc5 10. b4 Bb6 11. Na4 d6 $6 (11... Re8 {>=} 12. Nxb6 axb6 13. d6
$6 (13. g3 $142 d6 14. Bg2) 13... Ne4 14. Bb2 b5 $1 {/\Ra6} 15. Qd4 Qg5 $36)
12. Nxb6 axb6 13. Nc3 $1 (13. Ng3 Qe7+ $1 14. Be2 Qe5 15. Be3 Bg4 $1 16. Bd4
Bxe2 17. Nxe2 Qxd5 18. Bxf6 Qxd1+ 19. Rxd1 gxf6 20. O-O Rd8 $15 {Hansen,
Cu-Winants,L/Antwerpen (01) 1993}) 13... Ng4 {N} (13... Bf5 14. Be2 Ne4 15.
Nxe4 Bxe4 16. O-O Qf6 17. Ra2 Qg6 18. f3 Bb1 19. Rd2 Nd7 20. Bb2 Bf5 21. Qe1
$16 {Gligoric,S-Nikolic,Pr/Jugoslavija (ch) 1984}) 14. Qd4 (14. Be2 $2 Nxf2 15.
Kxf2 Qf6+ $17) 14... Qf6 (14... Re8+ 15. Be2 Qh4 (15... Qf6 16. Qxf6 Nxf6 17.
Bf4 Bg4 18. f3 Rc8 19. fxg4 Rxc3 20. Bxd6 Nxd5 21. Bf3 $16) 16. h3 $16 {/\0-0})
15. Qxf6 Nxf6 16. Be3 (16. Bf4 $5) 16... Re8 17. Kd2 $16 {[%csl Rb6,Rd6] ><b6,
d6} Nbd7 18. f3 h6 (18... Re5 19. Bd4 Rg5 20. h4 $16) 19. Bd4 (19. Bb5 Re5 20.
Bd4 Rg5 21. g4 Nxd5 22. Bxd7 Bxd7 23. h4 Nxc3 24. hxg5 Nb5 $132) (19. Be2 $5
Re5 20. Bd4 Rg5 21. g4 Nxd5 22. h4 Nxc3 23. hxg5 Nxe2 24. Kxe2 hxg5 25. Rhd1
$16) 19... Ne5 $1 20. Bxb6 Bf5 21. Bd4 (21. Bc7 $2 Rac8 22. Bxd6 Nc4+ 23. Bxc4
Rxc4 $44) 21... Rec8 22. Be2 Nc4+ (22... Nfd7 23. Rhc1 Nc4+ 24. Bxc4 Rxc4 25.
Nb5 $16) 23. Bxc4 Rxc4 24. Bxf6 gxf6 25. Rhc1 Rh4 $2 (25... Rac8 26. Ne4 (26.
Nb5 Rc2+ 27. Rxc2 Rxc2+ 28. Ke3 $16) 26... Bxe4 27. fxe4 $16) (25... Rd4+ $1
26. Ke3 Rd3+ (26... Rh4 27. g4 Bg6 28. Nb5 $16) 27. Kf4 Bg6 28. Ne4 (28. Kg3
Kg7 29. a4 Rd4 30. b5 b6 $14) 28... Bxe4 29. fxe4 Rdxa3 30. Rxa3 Rxa3 31. Rc7
b5 32. Rb7 Ra2 33. g3 Rxh2 34. Rxb5 Rb2 $14) 26. h3 Re8 27. g4 Bg6 28. Rh1 h5
29. a4 Kf8 $6 (29... f5 $142) 30. a5 Ra8 31. Ne2 Kg7 32. Nf4 hxg4 33. hxg4 Rxh1
34. Rxh1 $18 b6 35. Ra1 bxa5 36. bxa5 Kh6 37. a6 Kg5 38. Ne2 f5 39. gxf5 (39.
Nd4 $5 fxg4 40. fxg4 Kxg4 41. Nb5 Be4 42. a7 $18) 39... Bxf5 40. a7 Bd7 41. Ke3
Kf6 42. Nd4 Ke7 43. Nc6+ Kf6 44. Ra3 Kf5 45. Kd4 Kf4 46. Rb3 f5 47. Rb8 Bxc6
48. dxc6 Rxa7 49. Rb3 1-0

[Event "Rubinstein Memorial 33rd"]
[Site "Polanica Zdroj"]
[Date "1996.??.??"]
[Round "2"]
[White "Beliavsky, Alexander G"]
[Black "Movsesian, Sergei"]
[Result "1/2-1/2"]
[WhiteElo "2620"]
[BlackElo "2635"]
[Annotator "Dautov,R"]
[PlyCount "61"]
[EventDate "1996.08.15"]
[EventType "tourn"]
[EventRounds "11"]
[EventCountry "POL"]
[EventCategory "15"]
[SourceTitle "CBM 055"]
[Source "ChessBase"]
[SourceDate "1996.12.01"]
[SourceVersion "1"]
[SourceVersionDate "1996.12.01"]
[SourceQuality "1"]

1. d4 Nf6 2. c4 e6 3. Nc3 Bb4 4. e3 c5 5. Nge2 cxd4 6. exd4 O-O 7. a3 Be7 8. d5
exd5 9. cxd5 Re8 10. g3 Bc5 11. Bg2 d6 12. O-O (12. h3 Bf5 13. O-O Ne4 $10)
12... a6 13. Bf4 {N} (13. h3 Nbd7 14. Nd4 Ne5 15. Kh1 Bd7 16. b3 h6 17. Bb2 Rc8
18. Nce2 a5 19. Rc1 Qb6 $10 {Alterman,B-Yu Shaoteng/Beijing op/1995}) 13... Bg4
14. Qd2 (14. h3 Bxe2 15. Nxe2 Nh5 $10 16. Bd2 $2 Rxe2 17. Qxe2 Nxg3 $17) 14...
Nbd7 $1 (14... h6 {/\Nh5} 15. Nd4 Qb6 16. Be3 $14) 15. b4 Ba7 16. Bxd6 (16. h3
Bxe2 17. Nxe2 Ne5 $10) 16... Bxe2 17. Nxe2 Ng4 {/\Nf2} 18. Rac1 (18. Bf4 $5 Qf6
(18... g5 $6 19. Bxg5 Rxe2 20. Qxe2 Qxg5 21. d6 Rb8 22. Rad1 $14) (18... Qb6 $2
19. Nc3 $16) 19. Rad1 Nxf2 20. Rxf2 Bxf2+ 21. Kxf2 g5 22. d6 Rab8 23. Kg1 gxf4
24. Nxf4 $44) 18... Ne3 $1 19. Rfe1 Nxg2 20. Kxg2 Nf6 $10 21. Bc5 b6 (21...
Qxd5+ $6 22. Qxd5 Nxd5 23. Bxa7 Rxa7 24. Nc3 $14) 22. Be3 Nxd5 23. Bd4 (23. Bg5
f6 24. Rcd1 fxg5 25. Qxd5+ Qxd5+ 26. Rxd5 Rac8 27. Rxg5 (27. Kf1 h6 28. Rd7 Bb8
$10) 27... Rc2 28. Kf1 Ra2 $10) 23... b5 24. Bxa7 Rxa7 25. Nd4 Rxe1 26. Rxe1
Nf6 27. Qf4 Rd7 28. Nf5 g6 29. Qg5 h5 (29... Rd5 $4 30. Qxf6 $16) (29... Nd5
$10) 30. h3 Nd5 (30... Rd5 31. g4) 31. Qxd8+ 1/2-1/2

[Event "Odorheiu Secuiesc zt"]
[Site "Odorheiu Secuiesc"]
[Date "1995.??.??"]
[Round "7"]
[White "Georgiev, Kiril"]
[Black "Wojtkiewicz, Aleksander"]
[Result "0-1"]
[WhiteElo "2625"]
[BlackElo "2530"]
[Annotator "Dautov,R"]
[PlyCount "68"]
[EventDate "1995.03.??"]
[EventType "swiss"]
[EventRounds "9"]
[EventCountry "ROU"]
[SourceTitle "CBM 047"]
[Source "ChessBase"]
[SourceDate "1995.08.01"]
[SourceVersion "1"]
[SourceVersionDate "1995.08.01"]
[SourceQuality "1"]

1. d4 {Horvath,T Marin Ftacnik} Nf6 2. c4 e6 3. Nc3 Bb4 4. e3 c5 5. Nge2 b6 6.
a3 Ba5 7. g3 (7. Rb1 {Horvath,T} Na6 8. f3 O-O 9. d5 d6 10. e4 exd5 11. cxd5
Nh5 $13 {Alexandrov-Romanishin/Nikolaev/1995}) (7. Bd2 {Horvath,T} O-O 8. g3
cxd4 9. exd4 Bxc3 10. Nxc3 d5 11. Bg5 Nbd7 12. cxd5 Bb7 13. Bg2 h6 $10 {
Delchev-Wojtkiewicz/Odorheiu/1995}) 7... Bb7 8. d5 exd5 (8... b5 $5 9. Bg2 bxc4
10. O-O (10. e4 {Ftacnik} O-O (10... exd5 11. exd5 O-O 12. O-O d6 {
Ibragimov-Serper/Sankt Peterburg/1994} 13. Bf4 Nh5 14. Be3 Nd7 15. Ne4 Qb6 16.
Nd4 Nhf6 17. Nf5 Nxe4 18. Qg4 g6 19. Ne7+ Kh8 20. Qxd7 Nf6 21. Qa4 Rfe8 22. Bg5
Kg7 23. Qxc4 h6 24. Bxf6+ {Ibragimov,I-Serper,G/St.Petersburg op (04)/1994/0-1
(46)}) 11. O-O d6 12. h3 Bxc3 (12... exd5 13. exd5 Nbd7 14. Bf4 Re8 15. Bxd6
Nb6 16. Bxc5 Nbxd5 17. Nb5 Bc7 18. Rc1 Be5 19. Rxc4 Qd7 20. a4 Ba6 21. Ned4
Rac8 22. Qc1 h5 23. h4 Rxc5 24. Rxc5 {Marinelli,T-Grosar,A/Mitropa Cup/1995/
1-0 (46)}) 13. Nxc3 exd5 14. exd5 Nbd7 15. Bf4 Qb6 16. g4 Qxb2 17. Ne4 Qd4 18.
Bxd6 Rfe8 19. Nxc5 Qxd1 20. Rfxd1 Nxc5 21. Bxc5 Rad8 22. d6 Bxg2 23. Kxg2 Re6
24. Rac1 {Shulman,Y-Itkis,B/Nikolaev zt (06)/1995/1-0 (67)}) 10... O-O (10...
Bxc3 11. Nxc3 exd5 12. Nxd5 Nxd5 13. Bxd5 Nc6 14. Bd2 O-O 15. Bc3 Qg5 16. f4
Qf5 17. e4 Qh3 18. f5 Rab8 19. f6 g6 20. Rf4 Qh6 21. Bxc4 Nd4 22. Bxd4 cxd4 23.
Qxd4 Qg5 24. b4 {Jelen,Ig-Grosar,A/SLO-ch/1993/0.5 (54)}) 11. e4 $13) (8... Ne4
9. Bg2 (9. Bd2 {Ftacnik} Nxd2 10. Qxd2 d6 11. Bg2 Nd7 12. O-O Bxc3 13. Nxc3 e5
14. f4 exf4 15. gxf4 O-O 16. e4 Ba6 17. b3 Qh4 18. Rae1 Rae8 19. Re3 f5 20.
exf5 Nf6 21. Re6 Bc8 22. Nb5 Rd8 23. Rxd6 Bxf5 24. Rxd8 {Jelen,Iz-Grosar,A/
SLO-ch/1992/1-0 ch91}) 9... Nxc3 10. Nxc3 Bxc3+ 11. bxc3 d6 $13 (11... d6 12.
O-O e5 13. e4 Nd7 14. f4 Qe7 15. Rf2 h5 16. f5 f6 17. h4 O-O-O 18. g4 hxg4 19.
Qxg4 Rh7 20. Bf3 Rdh8 21. Rh2 Kc7 22. h5 Nf8 23. Be3 Ba6 24. Be2 {Garcia
Palermo,C-Romanishin,O/Szirak (09)/1986/0-1 (41)})) 9. Bg2 Ba6 10. b4 $1 {N} (
10. cxd5 Bxc3+ 11. Nxc3 O-O 12. b4 $6 (12. f4 $142 {Horvath,T /\Kf2}) 12... Bc4
13. f4 d6 14. bxc5 bxc5 15. Kf2 Nbd7 16. Re1 Rb8 17. e4 Qa5 18. Re3 Bb3 19. Qe2
Nb6 $15 {Shirov,A-Sokolov,I/Pardubice 1994 Sirov,A-Sokolov,I Pardubice 1994})
10... cxb4 11. axb4 Bxb4 12. Bxd5 Nxd5 13. Qxd5 {[#]} O-O {Shirov,A-Sdubice/
1994/0.5 (41)} (13... Qf6 $2 14. Qe4+ Kd8 15. Rxa6 Bxc3+ 16. Nxc3 Qxc3+ 17. Bd2
$18) (13... Qc8 {Ftacnik} 14. Qe4+ Kf8 15. Qxa8 Bb7 16. Qxa7 Bxh1 17. Qxb6 $1)
14. Qxa8 (14. O-O {Marin} Qf6 15. Bd2 Qc6 $17) 14... Qf6 15. Bd2 (15. O-O {
Ftacnik} Nc6 (15... Bxc3 16. Nxc3 Qxc3 17. Rxa6 Nxa6 18. Qxa7 Qxc4 $2) 16.
Qxf8+ Kxf8 17. Rxa6 (17. Bd2 {Marin} Bxc4) 17... Bxc3 18. Nxc3 Qxc3 $10) (15.
Bb2 {Marin} Nc6 16. Qxf8+ Bxf8 17. Rxa6 Nb4 18. Ra4 Nd3+ 19. Kd2 Nxb2 $19) (15.
Qg2 {Marin} Bxc3+ $19) 15... Nc6 (15... Bxc4 $2 16. Qe4 d5 17. Qf4 $18) 16.
Qxf8+ Bxf8 (16... Kxf8 17. Rxa6 Ne5 18. Rxa7 $5 (18. Nd4 $18) 18... Nd3+ 19.
Kd1 Nxf2+ 20. Kc1 Qc6 21. Rf1 Nd3+ 22. Kc2 $18) 17. Rxa6 (17. O-O {Ftacnik}
Bxc4 $1) 17... Ne5 (17... Nb4 {Marin} 18. Ne4 Nd3+ 19. Kd1 Qb2 {(/\ 20...Qb3#)}
20. Be1 Qb3+ 21. Kd2 Qxc4 $19) 18. Rxa7 $4 (18. f4 Qc6 19. e4 Nd3+ 20. Kf1 Qc5
21. Be1 Qe3 22. Kg2 Bb4 23. Rxa7 h5 24. Ra1 Bxc3 25. Nxc3 Nxe1+ 26. Rhxe1 Qxc3
$10) (18. Nf4 Qc6 19. Ncd5 (19. e4 Qxc4 20. Rxa7 Nf3+ 21. Kd1 Qd4 $15) 19...
Qxc4 20. Rxa7 Nd3+ 21. Nxd3 Qxd5 22. O-O Qxd3 $15) (18. Nd4 $1 Nxc4 (18... Bc5
19. Rxa7 h6 20. Ncb5 Nxc4 21. Bc3 $16) 19. Nd1 (19. Rxa7 Nxd2 20. Kxd2 Qxf2+
21. Nce2 $16) (19. f4 $5 $16) 19... Nxd2 20. Kxd2 h6 21. Rxa7 $16) 18... Nd3+
19. Kd1 (19. Kf1 {Ftacnik} Qxf2#) 19... Nxf2+ 20. Kc2 Nxh1 $19 21. Nd4 {
/\Ra8,Nd5,Bb4} (21. Ra8 Qc6 22. Rb8 Qxc4 23. Rxb6 Nf2 $19) 21... Qf1 $1 22. Rc7
(22. Kb3 Qg2 23. Be1 Qg1 24. Nc2 Qxh2 $19) (22. Rxd7 {Ftacnik} Qxc4 $19) 22...
Nf2 23. Rc8 Qd3+ 24. Kc1 f6 25. Rd8 (25. Nd5 Kf7 $19) 25... Qxc4 26. Rxd7 Qf1+
27. Kb2 Nd3+ 28. Kc2 Nc5 29. Ra7 Qd3+ 30. Kc1 h5 31. Ra8 Kf7 32. Ra7+ Kg6 33.
Ra8 Bd6 34. Kd1 (34. Rd8 {Ftacnik} Nb3+ $1 35. Nxb3 Ba3+ 36. Kd1 Qxd8 $1) 34...
Be5 (34... Be5 35. Rd8 Nb3 36. Ne6 Qf1+ $19) 0-1

[Event "FIDE-Wch k.o."]
[Site "Groningen"]
[Date "1997.12.11"]
[Round "2.1"]
[White "Sokolov, Ivan"]
[Black "Epishin, Vladimir"]
[Result "1-0"]
[WhiteElo "2635"]
[BlackElo "2570"]
[Annotator "Epishin,V"]
[PlyCount "73"]
[EventDate "1997.12.09"]
[EventType "k.o."]
[EventRounds "7"]
[EventCountry "NED"]
[SourceTitle "CBM 063"]
[Source "ChessBase"]
[SourceDate "1998.03.26"]
[SourceVersion "1"]
[SourceVersionDate "1998.03.26"]
[SourceQuality "1"]

1. d4 {Psakhis} Nf6 2. c4 e6 3. Nc3 Bb4 4. e3 c5 5. Nge2 cxd4 6. exd4 O-O 7. a3
Be7 8. Nf4 (8. d5 $5 {Psakhis}) 8... d5 9. cxd5 Nxd5 10. Ncxd5 exd5 11. Bd3 Bg5
(11... Bf6 {Psakhis} 12. Be3 Nc6 13. O-O g6 14. Rc1 Be6 15. Nxe6 fxe6 16. Qg4
Qe7 17. Rfe1 Qf7 18. Bb5 Rac8 19. Bxc6 Rxc6 20. Rxc6 bxc6 21. b4 Bg7 22. Rc1
$14 {1-0 Giorgadze,G-Yegiazarian,A/Erevan op 1996 (28)}) 12. O-O Nc6 13. Re1
Qd6 $1 $146 {Also possible} (13... Bxf4 $5 {Psakhis} 14. Bxf4 Qh4 {and is not
easy for White to get better chances, for instance} (14... Qf6) 15. Qd2 Be6 16.
Rac1 Rfe8 17. Be3 h6 18. Bb1 Rac8 19. Qd3 g6 20. Qd2 Kh7 $11 {Supatashvili,
K-Christiansen,L/Yerevan ol 1996 (61) 0-1}) 14. Ne6 {N/ Interesting novelty,
after theoretical} (14. Qh5 {Psakhis} h6 15. Ne2 Qe7 16. Bxg5 Qxg5 17. Qxg5
hxg5 18. Bb5 Bd7 19. f4 gxf4 20. Nxf4 a6 21. Bxc6 Bxc6 {1/2-1/2 Chiburdanidze,
M-Supatashvili,K/Perm op 1997 (39) it,s almost imposible foe white to get real
chances for victory.}) 14... Bxe6 (14... Bxc1 $2 {Psakhis} 15. Nxf8 Bxb2 16.
Re8 $18) 15. Bxg5 Qd7 $1 16. Rc1 Rfe8 (16... Bf5 {Psakhis} 17. Bb5) (16... a6
$5 {Psakhis}) 17. Bb5 Bf5 18. Rxe8+ Rxe8 19. b4 Rc8 $1 (19... h6 $5 {Psakhis})
20. Be3 a6 (20... Qd6 $5 {Psakhis}) 21. Ba4 Qd8 22. Bb3 Na7 23. Rc5 (23. Rxc8 {
Psakhis} Nxc8 24. Qh5 Qd7 $11) 23... Be6 24. Qh5 Rxc5 $2 (24... h6 25. Bc2 (25.
h3 Rxc5 26. bxc5 Nc6 27. Bc2 Qf6 28. Qd1 Bf5 $11) 25... b6 26. Rxc8 Qxc8 27.
Qd1 Bf5 $11) (24... b6 $142 $5 {Psakhis} 25. Rxc8 Nxc8 $140 26. Bc2 h6 27. Bxh6
$6 gxh6 28. Qxh6 f6 $8 $15) 25. dxc5 Nc6 (25... d4 26. Bxe6 fxe6 27. Bxd4 $18)
26. Bc2 h6 $4 {Psakhis: Epishin doesn,t want to weaken datk squares on the
king,s side, but move in the game allows quick and dangerous attack} (26... g6
$142 27. Qf3 (27. Qh6 Qf6 28. h3 Bf5 29. Bb3 Be6 $11) 27... d4 28. Bd2 Qd5 $14)
27. Bxh6 gxh6 (27... Qf6 28. Bc1 Qc3 29. Qd1 Nd4 30. Bd3 $16) 28. Qxh6 Qd7 $2 (
28... f6 29. Qh7+ Kf8 30. Qxb7 $16) (28... d4 29. Bh7+ Kh8 30. h4 Ne7 31. Bf5+
Kg8 32. Bxe6 fxe6 33. Qxe6+ Kf8 34. Kf1 d3 35. Qf6+ Kg8 36. Ke1 $18) 29. Bh7+
Kh8 30. f4 $18 d4 (30... Qe8 $5 {Psakhis} 31. Kf2 (31. Be4+ Kg8 32. Qh7+ Kf8
33. f5 Ke7 $1 34. fxe6 (34. Qh4+ f6 35. fxe6 (35. Qh7+ Bf7 36. Bxd5 Kd8 $1 $17)
35... dxe4 36. Qxe4 Qg8 $17) 34... dxe4 35. exf7 Qxf7 36. Qxe4+ Qe6 $13) 31...
Bd7 32. Be4+ (32. f5 d4 $1) 32... Kg8 33. Bxd5 Nd4 34. Qg6+ Kf8 35. Qh5 $16) (
30... Qc7 {Psakhis} 31. Bd3+ (31. Bf5+ Kg8 32. Qh7+ Kf8 33. Bxe6 Qxf4) 31...
Kg8 32. Qh7+ Kf8 33. f5 Qe5 34. fxe6 fxe6 35. Qh4 $16) 31. f5 d3 (31... f6 {
Psakhis} 32. Bg6+ Kg8 33. fxe6 Qg7 34. Qxg7+ Kxg7 35. Be4 $18) 32. fxe6 {
Psakhis: Winning in any case, but why not} (32. Bg6+ {Psakhis} Kg8 33. Qh7+ Kf8
34. Qh8+ Ke7 35. f6# {mate}) 32... Qd4+ 33. Kf1 Qa1+ 34. Kf2 Ne5 (34... Qd4+ {
Psakhis} 35. Kg3 Qe5+ 36. Kh3 Qxe6+ 37. Qxe6 fxe6 38. Bxd3 $18) 35. Bxd3+ Kg8
36. Bh7+ Kh8 37. Bg6+ (37. Bg6+ {Psakhis} Kg8 38. exf7+ Nxf7 39. Qh7+ Kf8 40.
Qxf7#) 1-0